000 00530nam a22001817a 4500
005 20170425152442.0
010 _aENG-117950
020 _a9789382632061
_c475.00
035 _aEN-101482
037 _bDBAD/PUB
082 _a305.5122
100 _aSaraf, Rittu
245 _aCaste and caste conflict in rural society /
_cRitu Saraf
260 _aAllahabad
_bAprajita Publication
_c2015
270 _a5, Khusrobagh Road
_bAllahabad
_e211001
300 _av,152p.
_c21cm(Hb)
942 _2ddc
_cEN
_h305.5122
_mSAR
999 _c139264
_d139264